| 000 | 00908nam a2200253 4500 | ||
|---|---|---|---|
| 001 | 160357 | ||
| 003 | ES-MaACL | ||
| 005 | 20251012174214.0 | ||
| 008 | 950411s1869 sp |||| | spa d | ||
| 040 |
_aEUS _bspa _cEUS |
||
| 100 | 1 |
_aMuñoz, Lino. _9130338 |
|
| 245 | 1 | 0 | _aGuerra de un año entre el Papa Paulo IV y Felipe II, Rey de España. |
| 260 |
_aMadrid : _b[s.n.], _c1869 ( _fImprenta y Estereotipia de M. Rivadeneyra) |
||
| 300 |
_a254 p. ; _c17 cm. |
||
| 600 | 0 | 7 |
_aPablo. _bIV, _cPapa, _d1476-1559 _2 _9130762 |
| 600 | 0 | 4 |
_aFelipe _bII, _cRey de España _949175 |
| 610 | 2 | 0 |
_aIglesia Católica. _bPapa (1555-1559: Pablo IV) _9223323 |
| 651 | 4 |
_aEspaña- _xReyes y soberanos. _98492 |
|
| 651 | 4 |
_aEspaña- _xHistoria- _y1516-1700, Casa de Austria _98228 |
|
| 752 |
_aEspaña - _dMadrid |
||
| 852 |
_aES-MaACL _jD-3184 _z-- Enc. tela |
||
| 942 | _2udc | ||
| 999 |
_c160357 _d160357 |
||